|
|
|
|
| LEADER |
01761nam a2200421 i 4500 |
| 001 |
EBC1787226 |
| 003 |
MiAaPQ |
| 005 |
20200520144314.0 |
| 006 |
m o d | |
| 007 |
cr cnu|||||||| |
| 008 |
150529t20142014pl ob 001 0 eng d |
| 020 |
|
|
|z 9783110401967
|
| 020 |
|
|
|a 9783110402100
|q (electronic bk.)
|
| 035 |
|
|
|a (MiAaPQ)EBC1787226
|
| 035 |
|
|
|a (Au-PeEL)EBL1787226
|
| 035 |
|
|
|a (CaPaEBR)ebr11054976
|
| 035 |
|
|
|a (OCoLC)939262777
|
| 040 |
|
|
|a MiAaPQ
|b eng
|e rda
|e pn
|c MiAaPQ
|d MiAaPQ
|
| 050 |
|
4 |
|a BF408
|b .T74 2014
|
| 082 |
0 |
|
|a 153.35
|2 23
|
| 100 |
1 |
|
|a Trenos, Helen,
|e author.
|
| 245 |
1 |
0 |
|a Creativity :
|b the actor in performance /
|c Helen Trenos; managing editor Monika Michalowicz.
|
| 264 |
|
1 |
|a Warsaw, [Poland] ;
|a Berlin, [Germany] :
|b De Gruyter Open,
|c 2014.
|
| 264 |
|
4 |
|c 2014
|
| 300 |
|
|
|a 1 online resource (93 pages)
|
| 336 |
|
|
|a text
|2 rdacontent
|
| 337 |
|
|
|a computer
|2 rdamedia
|
| 338 |
|
|
|a online resource
|2 rdacarrier
|
| 504 |
|
|
|a Includes bibliographical references and index.
|
| 588 |
|
|
|a Description based on online resource; title from PDF title page (ebrary, viewed May 25, 2015).
|
| 590 |
|
|
|a Electronic reproduction. Ann Arbor, MI : ProQuest, 2016. Available via World Wide Web. Access may be limited to ProQuest affiliated libraries.
|
| 650 |
|
0 |
|a Creation (Literary, artistic, etc.)
|
| 650 |
|
0 |
|a Creative ability.
|
| 655 |
|
4 |
|a Electronic books.
|
| 700 |
1 |
|
|a Michalowicz, Monika,
|e editor.
|
| 776 |
0 |
8 |
|i Print version:
|a Trenos, Helen.
|t Creativity: the actor in performance.
|d Warsaw, [Poland] ; Berlin, [Germany] : De Gruyter Open, c2014
|h 85 pages
|z 9783110401967
|
| 797 |
2 |
|
|a ProQuest (Firm)
|
| 856 |
4 |
0 |
|u https://ebookcentral.proquest.com/lib/matrademy/detail.action?docID=1787226
|z Click to View
|